Score 0/10 Timer 01:30
0 Plays Today
% Correct
Eaten by crocodile
90%
Drowns self in Seine
66%
Execution by hanging
62.8%
Beheaded
59.8%
AIDS
57.8%
Baken in a pie
45%
Suicide by car crash
43.7%
Boarded up in abandoned house
40.5%
Insertion of red hot poker
38.2%
Suicide by pistol
36.1%
Remove Ads.
Support Sporcle.
Get the best of Sporcle when you Go Orange. This ad-free experience offers more features, more stats, and more fun while also helping to support Sporcle. Thank you for becoming a member.

You're not logged in!

Compare scores with friends on all Sporcle quizzes.
OR
Log In

Sporcle TV

Today on Sporcle TV


Watch our educational content, quiz creation guides, and fun videos on Sporcle TV.

Show Comments

Extras

Top Quizzes Today


Score Distribution

Paid Content

Your Account Isn't Verified!

In order to create a playlist on Sporcle, you need to verify the email address you used during registration. Go to your Sporcle Settings to finish the process.

Report this User

Report this user for behavior that violates our Community Guidelines.

Details: